Reference groups and the theory of revolution

Saved in:
Bibliographic Details
Main Author: Urry, John
Format: Book
Language:English
Published: London : Boston : Routledge & K. Paul, [1973]
Series:International library of sociology
Subjects:
Tags: Add Tag
No Tags, Be the first to tag this record!

MARC

LEADER 00000cam a2200000 i 4500
001 1/30132
008 960402s1973 eng d
020 |a 0710075413 
035 |l 10023347 
040 |a GR-MY-UA  |b gre  |e aacr 
041 0 |a eng 
082 0 |a 301.6/333 
100 1 |a Urry, John. 
245 1 0 |a Reference groups and the theory of revolution 
260 |a London :   |a Boston :   |b Routledge & K. Paul,   |c [1973] 
300 |a xii, 244 p;  |c 22 cm 
490 1 |a International library of sociology 
504 |a Bibliography: p. 203-237 
650 0 0 |a Revolutions. 
650 0 0 |a Reference groups. 
650 0 0 |a Radicalism  |z Indonesia. 
852 |a INST  |b CHIOS  |e 19960402  |h 303.64 URR  |p 005200006447  |q 005200006447  |t BK  |y 0 
909 |a Χ  |b 001611